| 000 | 00401nam a2200157Ia 4500 | ||
|---|---|---|---|
| 008 | 220530s9999 xx 000 0 und d | ||
| 020 | _a9780091906351 | ||
| 041 | _aeng | ||
| 082 |
_a823 _bCAR |
||
| 100 |
_aCarnegie, Dale _957553 |
||
| 245 | _aHow to Win Friends and Influence People | ||
| 250 | _a1st Ed. | ||
| 260 |
_aLondon _bVermilion _c2012 |
||
| 300 |
_aXXVIII; 275P. _bPB |
||
| 906 |
_a49.75 _bGB |
||
| 999 |
_c51934 _d51934 |
||